The Hardest Quiz - Statistics

General Stats
  • This quiz has been taken 16 times
  • The average score is 103 of 200
Answer Stats
Hint Answer % Correct
1 1
100%
2 1
100%
3 1
100%
4 1
100%
5 1
100%
6 1
100%
7 1
100%
8 1
100%
9 1
100%
10 1
100%
11 1
100%
12 1
100%
13 1
100%
14 1
100%
15 1
100%
16 1
100%
17 1
100%
18 1
100%
19 1
100%
20 1
100%
21 1
100%
22 1
100%
23 1
100%
24 1
100%
25 1
100%
26 1
100%
27 1
100%
28 1
100%
29 1
100%
30 1
100%
31 1
100%
32 1
100%
33 1
100%
34 1
100%
35 1
100%
36 1
100%
37 1
100%
38 1
100%
39 1
100%
40 1
100%
41 1
100%
42 1
100%
43 1
100%
44 1
100%
45 1
100%
46 1
100%
47 1
100%
48 1
100%
49 1
83%
50 1
83%
51 1
83%
52 1
83%
53 1
83%
54 1
83%
55 1
83%
56 1
83%
57 1
83%
58 1
83%
59 1
83%
60 1
83%
61 1
83%
62 1
83%
63 1
83%
64 1
83%
65 1
67%
66 1
67%
67 1
67%
68 1
67%
69 1
67%
70 1
67%
71 1
67%
72 1
67%
73 1
67%
74 1
67%
75 1
67%
76 1
67%
77 1
67%
78 1
50%
79 1
50%
80 1
50%
81 1
50%
82 1
50%
83 1
50%
84 1
50%
85 1
50%
86 1
50%
87 1
50%
88 1
50%
89 1
50%
90 1
50%
91 1
50%
92 1
50%
93 1
33%
94 1
33%
95 1
33%
96 1
33%
97 1
33%
98 1
33%
99 1
33%
100 1
33%
101 1
33%
102 1
33%
103 1
33%
104 1
33%
105 1
33%
106 1
33%
107 1
33%
108 1
33%
109 1
33%
110 1
33%
111 1
33%
112 1
33%
113 1
33%
114 1
33%
115 1
33%
116 1
33%
117 1
33%
118 1
33%
119 1
33%
120 1
33%
121 1
33%
122 1
33%
123 1
33%
124 1
33%
125 1
33%
126 1
33%
127 1
33%
128 1
33%
129 1
33%
130 1
33%
131 1
33%
132 1
33%
133 1
33%
134 1
33%
135 1
33%
136 1
33%
137 1
33%
138 1
33%
139 1
17%
140 1
17%
141 1
17%
142 1
17%
143 1
17%
144 1
17%
145 1
17%
146 1
17%
147 1
17%
148 1
17%
149 1
17%
150 1
17%
151 1
17%
152 1
17%
153 1
17%
154 1
17%
155 1
17%
156 1
17%
157 1
17%
158 1
17%
159 1
17%
160 1
17%
161 1
17%
162 1
17%
163 1
17%
164 1
17%
165 1
17%
166 1
17%
167 1
17%
168 1
17%
169 1
17%
170 1
17%
171 1
17%
172 1
17%
173 1
17%
174 1
17%
175 1
17%
176 1
17%
177 1
17%
178 1
17%
179 1
17%
180 1
17%
181 1
17%
182 1
17%
183 1
17%
184 1
17%
185 1
17%
186 1
17%
187 1
17%
188 1
17%
189 1
17%
190 1
17%
191 1
17%
192 1
17%
193 1
17%
194 1
17%
195 1
17%
196 1
17%
197 1
17%
198 1
17%
199 1
17%
200 1
17%
No matching quizzes found
Score Distribution
Percent of People with Each Score
Percentile by Number Answered
Your Score History
You have not taken this quiz